Právo na kontinuálne vzdelávanie

Salvato in:
Dettagli Bibliografici
Autore principale: Matulčíková, Marta, 1964-
Natura: Capitolo di libro
Lingua:slovacco
Tags: Aggiungi Tag
Nessun Tag, puoi essere il primo ad aggiungerne!!

MARC

LEADER 00000naa$a2200000$$$4500
001 0064389
005 20240502071744.4
041 0 |a slo 
044 |a SK 
245 1 0 |a Právo na kontinuálne vzdelávanie  |c Marta Matulčíková 
100 1 |a Matulčíková, Marta, 1964-